| 000 | 01009cab a22002295a 4500 | ||
|---|---|---|---|
| 001 | L154167 | ||
| 008 | 111024e20111029xxk 000 0 eng d | ||
| 035 | _a(Sirsi) u154167 | ||
| 041 | 0 | _aeng | |
| 110 | 2 |
_aInstitution of Civil Engineers _91402 |
|
| 245 | 0 | 0 | _aNews from ICE dispute resolution and legal affairs |
| 260 | _c2011 | ||
| 490 |
_aICE Construction Law Quarterly _v1(2) October 2011, 5(1) |
||
| 520 | _aExplains ICE's withdrawal from the ICE Conditions of Contract (CoC) from 1 August 2011; ICE now solely endorses the NEC3 suite of contracts; ongoing use of the ICE CoC; Construction Act 2009. | ||
| 590 | _aKA | ||
| 650 | 2 | 4 | _aHOUSING GRANTS, CONSTRUCTION AND REGENERATION ACT 1996 |
| 650 | 2 | 4 | _aLOCAL DEMOCRACY, ECONOMIC DEVELOPMENT AND CONSTRUCTION ACT 2009 |
| 651 | 4 |
_aUnited Kingdom _y |
|
| 690 | _aBUILT ENVIRONMENT-BUILDING CONTRACT FORMS-STANDARD FORMS OF BUILDING CONTRACT | ||
| 690 | _aBUILT ENVIRONMENT-CONSTRUCTION MANAGEMENT-BUILDING CONTRACT ADMINISTRATION | ||
| 942 | _n0 | ||
| 999 |
_c83515 _d83515 |
||